Statistiques concernant Séries commençant par la lettre N

Cliquez ici pour prendre le quiz!

Statistiques générales

  • Ce quiz a été pris 103 fois
  • Le résultat moyen est 4 sur 7

Statistiques - réponses

Réponse% Correct
Naruto
99%
Narcos
90%
NCIS: Enquêtes Spécial
83%
Nicky Larson
68%
New York Unité Spéciale
29%
Nashville
7%
Nurse Jackie
5%

Distribution des résultats

Percentile par nombre de réponses

% des personnes avec chaque résultat

Votre développement - résultats

Vous n’avez pas pris ce quiz